A Nightmare on Elm Street Franchise - Statistics

General Stats
  • This quiz has been taken 44 times
  • The average score is 11 of 17
Answer Stats
Type Year Name Info % Correct
Film 1984 A Nightmare on Elm Street New Line Cinema
100%
Video Game 1989 A Nightmare on Elm Street LJN
100%
Film 2010 A Nightmare on Elm Street Warner Bros.
100%
Film 1987 A Nightmare on Elm Street 3: Dream Warriors New Line Cinema
97%
Film 1989 A Nightmare on Elm Street 5: The Dream Child New Line Cinema
97%
Film 1985 A Nightmare on Elm Street 2: Freddy's Revenge New Line Cinema
91%
Film 1988 A Nightmare on Elm Street 4: The Dream Master New Line Cinema
91%
Film 2003 Freddy vs. Jason New Line Cinema
91%
Film 1994 Wes Craven's New Nightmare New Line Cinema
84%
Film 1991 Freddy's Dead: The Final Nightmare New Line Cinema
81%
TV Show 1988-1990 Freddy's Nightmares - A Nightmare on Elm Street: The Series Syndication
47%
Documentary 2010 Never Sleep Again: The Elm Street Legacy 1428 Films
28%
Comic Mini-Series 2007-2008 Freddy vs. Jason vs. Ash WildStorm / Dynamite Entertainment
19%
Comic Mini-Series 2009 Freddy vs. Jason vs. Ash: The Nightmare Warriors WildStorm / Dynamite Entertainment
13%
Book 2018 Behind the Screams: The Dream Masters Revealed Mick Strawn / Blake Best
6%
Documentary 2011 I Am Nancy Camelot Entertainment Group
6%
Documentary 2018 Nightmares in the Makeup Chair ????
6%
No matching quizzes found
Score Distribution
Percent of People with Each Score
Percentile by Number Answered
Your Score History
You have not taken this quiz